Publicidad /

Obra que plantea que la publicidad debe ser un trabajo creativo y divertido, a la vez que debe ser de calidad, con una planeación cuidadosa, por lo que supone una ardua labor. A lo largo del libro se analiza la publicidad como parte de la compleja comunicación humana y del comportamiento del consumi...

詳細記述

保存先:
書誌詳細
第一著者: O'Guinn, Thomas C. (autor)
その他の著者: Allen, Chris T. (autor) (autor), Semenik, Richard J. (autor) (autor), Deras Quiñones, Adolfo (traducción) (traducción)
フォーマット: 図書
言語:スペイン語
出版事項: México : Thomson, 1999, c1999
シリーズ:(Soluciones Empresariales)
主題:
タグ: タグ追加
タグなし, このレコードへの初めてのタグを付けませんか!

MARC

LEADER 00000nam^a2200000^a^4500
001 000153065
005 20250521000000.0
009 20260310100305.693
020 |a 968-7529-59-8 
037 |a Acervo ITESO - Biblioteca 
041 |a ESP 
082 |a 659. 1  |b OGU 
100 |a O'Guinn, Thomas C.  |e (autor) 
240 1 1 |a [Publicidad de Thomas C. O'Guinn] 
245 1 0 |a Publicidad /  |c T.C. O'Guinn, C.T. Allen, R.J. Semenik ; tr. por A. Deras Quiñones. 
264 4 |a México :  |b Thomson,  |c 1999, c1999 
300 |a XLIV, 623 p. 
336 |a texto  |b txt  |2 rdacontenido 
337 |a sin mediación  |b n  |2 rdamedio 
338 |a volumen  |b nc  |2 rdasoporte 
440 1 |a (Soluciones Empresariales) 
500 |a Traducción de: Advertising 
520 |a Obra que plantea que la publicidad debe ser un trabajo creativo y divertido, a la vez que debe ser de calidad, con una planeación cuidadosa, por lo que supone una ardua labor. A lo largo del libro se analiza la publicidad como parte de la compleja comunicación humana y del comportamiento del consumidor; presenta también las prácticas publicitarias de vanguardia, pero reconoce también ciertos aspectos que en que nadie tiene la fórmula única para trabajar; se presta especial atención a la comunicación integrada a la mercadotecnia y a las nuevas opciones de medios de comunicación masiva, así como la publicidad en Internet. 
649 |a XX 
650 |a Publicidad en Internet 
650 |a Publicidad -  |x Tema Principal 
650 |a Publicidad -  |x Planeación 
650 |a Marcas (Mercadotecnia) -  |x Tema Principal 
650 |a Negocios en Internet 
650 |a Agencias de Publicidad 
650 |a Comportamiento del Consumidor 
650 |a Segmentación del Mercado 
650 |a Posicionamiento del Producto 
650 |a Campañas Publicitarias 
650 |a Promoción del Servicio 
650 |a Promoción del Producto 
650 |a Producto (Mezcla de Mercadotecnia) 
650 |a Mezcla de Mercadotecnia 
650 |a Proceso Administrativo 
650 |a Diseño Gráfico 
650 |a Sociología de la Comunicación 
650 |a Mercadotecnia 
650 |a Ciencias Administrativas 
700 |a Allen, Chris T.  |e (autor) 
700 |a Semenik, Richard J.  |e (autor) 
700 |a Deras Quiñones, Adolfo  |e (traducción) 
910 |a Fondo General 
920 |a Impresos - Libros 
930 |a Colección General 
905 |a 101 
901 |a 0500081665  |b IT1  |c ACC  |u 20250521 
901 |a 0500100238  |b IT1  |c ACC  |u 20250521 
901 |a 0500100241  |b IT1  |c ACC  |u 20250521 
901 |a 0500100235  |b IT1  |c ACC  |u 20250521 
902 |a https://opac.biblio.iteso.mx/vufind/Record/000153065